Análisis de un conflicto socioambiental por agua y turismo en Sardinal, Costa Rica/
Wedi'i Gadw mewn:
| Prif Awdur: | |
|---|---|
| Awduron Eraill: | |
| Fformat: | Llyfr |
| Iaith: | Spanish |
| Tagiau: |
Ychwanegu Tag
Dim Tagiau, Byddwch y cyntaf i dagio'r cofnod hwn!
|
MARC
| LEADER | 00000nam a22000007a 4500 | ||
|---|---|---|---|
| 003 | cru CIDCACS/IIS | ||
| 005 | 20200925161141.0 | ||
| 007 | ta | ||
| 008 | 161116s2015 cr ||||| |||| 00| 0 spa d | ||
| 040 | |c CRAI/IIS |a CRAI/IIS | ||
| 100 | 1 | |9 552 |a Navas, Grettel | |
| 245 | 1 | |a Análisis de un conflicto socioambiental por agua y turismo en Sardinal, Costa Rica/ |c Grettel Navas, Nicolás Cuvi | |
| 300 | |a páginas 109-124 : |b tabla, mapa, fotos | ||
| 700 | 1 | |9 553 |a Cuvi, Nicolás | |
| 773 | 0 | |0 18728 |9 150 |a Universidad de Costa Rica |d San José, Costa Rica Editorial UCR 1956- |o R19003 |t Revista de Ciencias Sociales/ | |
| 942 | |2 ddc |c PP | ||
| 999 | |c 18743 |d 18743 | ||
